| 000 | 01239nam a22003017a 4500 | ||
|---|---|---|---|
| 999 |
_c99389 _d99389 |
||
| 005 | 20230112155416.0 | ||
| 010 | _a1617EN ENG-115045 ENG-135981 | ||
| 020 |
_a9789339204099 _c595.00 |
||
| 020 |
_a9339204093 _c595.00 |
||
| 020 |
_a9789339204099 _c650.00 (Ashok Vihar) |
||
| 035 | _aB-654104-114 | ||
| 035 | _aEN-98577 | ||
| 035 | _aB-665171 | ||
| 035 | _aEN-119513 | ||
| 037 | _bABC | ||
| 037 | _bDBAD/PUB | ||
| 082 | _a658.4012 | ||
| 100 | _aKachru, Upendra | ||
| 245 |
_aStrategic management / _cby Upendra Kachru |
||
| 250 | _a2nd ed | ||
| 260 |
_aNew Delhi _bMcGraw Hill Education _c2015 |
||
| 270 |
_aP-24, Green Park Extension _bNew Delhi _e110016 |
||
| 300 |
_axxvi,799p. _c28cm(pbk) _bill. |
||
| 500 | _aIncludes bibliographical references and index | ||
| 942 |
_2ddc _cEN _mKAC _h658.4012 |
||